000 00483nam a2200181Ia 4500
003 GCL
008 140319s9999 xx 000 0 eng d
040 _aGCL /
_cGCL
082 0 4 _a004.21
_bG C
100 1 _aGORE, MARVIN
245 1 0 _aCONTEMPORARY SYSTEMS ANALYSIS /
_cGORE, MARVIN
700 1 _aSTUBBE, JOHN
260 _a[S.N] :
_bBUSINESS AND EDUCATIONAL TECHNOLOGY ،
_c1994
300 _a526 P P
650 0 4 _aSYSTEM DESIGN
650 0 4 _aSYSTEM ANALYSIS
942 _2ddc
_cBK
999 _c16843
_d16843